Nové trendy vo výrobe bezlepkových výrobkov na báze cereálií bakalárska práca CD
Enregistré dans:
| Auteur principal: | |
|---|---|
| Format: | Logiciel Livre |
| Langue: | slovaque |
| Accès en ligne: | Voir à l'OPAC |
| Tags: |
Pas de tags, Soyez le premier à ajouter un tag!
|
MARC
| LEADER | 00000nam a2200000 a 4500 | ||
|---|---|---|---|
| 005 | 20260127134113.0 | ||
| 007 | co ugu | ||
| 008 | 131008 2013 000 0 slo d | ||
| 035 | |a vtls010548884 | ||
| 039 | 9 | |y 201310081154 |z mschk03 | |
| 040 | |a STUSCHK1 |b slo |c STUSCHK1 |e AACR2 | ||
| 100 | 1 | |a Sásiková, Veronika | |
| 245 | 1 | |a Nové trendy vo výrobe bezlepkových výrobkov na báze cereálií |b bakalárska práca CD |c Veronika Sásiková | |
| 300 | |a 1 optický disk | ||
| 500 | |a Obhájené: 08.07.2013 | ||
| 500 | |a Štud. program: Výživa-kozmetika-ochrana zdravia | ||
| 500 | |a Štud. odbor: Potravinárstvo | ||
| 500 | |a Škol. pracovisko: Odd. potravinárskej technológie | ||
| 500 | |a Evid. číslo: FCHPT-13046-69615 | ||
| 910 | |a SCHK95 | ||
| 999 | |c 4165 |d 4165 | ||